000 00497nam a22001817a 4500
003 Ost
005 20250407101937.0
008 250403b |||||||| |||| 00| 0 eng d
020 _a9780712670760
040 _cBT-PhCST
050 _aD4640
082 _222
_a158.1
_bPEC
100 _aPeck, Scott M.
245 _aThe road less travelled and beyond :
_bSpiritual growth in an age of anxiety /
260 _aLondon :
_bRider Books,
_cc1997
300 _c20 cm.
_bill, ;
_a316 P. ;
942 _2ddc
_cF
999 _c9982
_d9982